Learning "in situ": masters students analysing mathematics lessons

Bibliographic Details
Main Author: Cestari, Maria Luiza (Author)
Format: Article
Language:Slovak
English
PhysicalDescription:Graf, sch.
ISBN:8080940363
Subjects:

MARC

LEADER 00000nab a2200000 a 4500
001 vtls009148145
003 SK-MaSNL
005 20260304154213.0
008 250507c2006 xo |||||||||||000 b|slo
015 |a SNBRA2007/10  |2 snkbucl 
035 |a (uuid)eb4f9880-fb13-4219-90c3-9d0def2ef037 
035 |a urn:nbn:sk:snk-ab10zy 
035 |a (urnnbn)urn:nbn:sk:snk:ar-004yci 
038 |a SNKBUCL 
040 |a SNKBUCL  |b slo  |c SNKBUCL  |e AACR2 
041 0 |a eng  |b slo 
044 |a xo  |c SK 
080 |a 51:37.016.026:371.32  |2 2001 
080 |a 371.32  |2 2001 
080 |a 37.016.026  |2 2001 
100 1 |a Cestari, Maria Luiza  |4 aut  |9 1478639 
245 1 0 |a Learning "in situ": masters students analysing mathematics lessons  |c Maria Luiza Cestari 
300 |b Graf, sch. 
504 |a Bibliogr. odkazy 
546 |a Res. slov. 
650 0 7 |a matematika  |2 snkbucl  |9 70174 
650 0 7 |a didaktika vyučovacích predmetov  |2 snkbucl  |9 4030 
650 0 7 |a vyučovacia hodina  |2 snkbucl  |9 71298 
773 0 |t Acta mathematica 9  |d Nitra : Fakulta prírodných vied UKF, 2006  |g S. 349-360  |z 8080940363 
850 |a Slovenská národná knižnica 
852 |a Slovenská národná knižnica 
958 |a article27 
958 |a NB 
958 |a OND 
958 |a EUIPO 
999 |c 2956613  |d 2958543